|
|
|
|
| LEADER |
00976pam a22003018a 4500 |
| 001 |
00034862 |
| 005 |
20171026081025.0 |
| 008 |
161102s2015 ||||||Viesd |
| 020 |
# |
# |
|c 87000
|a 978 604 57 1699 1
|
| 041 |
0 |
# |
|a Vie
|
| 082 |
1 |
4 |
|b T302H
|a 335.4346
|
| 100 |
1 |
# |
|a Nghiêm, Đình Vỳ
|e chủ biên
|
| 245 |
0 |
0 |
|a Tích hợp tư tưởng Hồ Chí Minh
|c Nghiêm Đình Vỳ
|b Trong giảng dạy môn lịch sử ở trường THPT
|
| 260 |
# |
# |
|a Hà nội
|b Chính trị quốc gia
|c 2015
|
| 300 |
# |
# |
|a 336 tr.
|c 21 cm.
|
| 653 |
# |
# |
|a Giảng dạy
|a Tư tưởng Hồ Chí Minh
|
| 653 |
# |
# |
|a Trung học phổ thông
|
| 852 |
# |
# |
|b Kho mượn
|j KM.0019683
|
| 852 |
# |
# |
|b Kho đọc
|j KD.0018699
|
| 852 |
# |
# |
|j KD.0018699
|j KM.0019683
|
| 910 |
|
|
|d 02/11/2016
|
| 980 |
# |
# |
|a Trung tâm Học liệu Lê Vũ Hùng, Trường Đại học Đồng Tháp
|